<?xml version="1.0" encoding="UTF-8"?>
<record
    xmlns:xsi="http://www.w3.org/2001/XMLSchema-instance"
    xsi:schemaLocation="http://www.loc.gov/MARC21/slim http://www.loc.gov/standards/marcxml/schema/MARC21slim.xsd"
    xmlns="http://www.loc.gov/MARC21/slim">

  <leader>01636    a2200217   4500</leader>
  <controlfield tag="001">41435</controlfield>
  <controlfield tag="005">20260407155708.0</controlfield>
  <controlfield tag="008">260407a1987    arg                 spa d</controlfield>
  <controlfield tag="003">AR-UNSa-BCEJYS</controlfield>
  <datafield tag="040" ind1=" " ind2=" ">
    <subfield code="a">AR-UNSa-BCEJYS</subfield>
    <subfield code="b">spa</subfield>
    <subfield code="c">AR-UNSa-BCEJYS</subfield>
  </datafield>
  <datafield tag="080" ind1=" " ind2=" ">
    <subfield code="a">347.44</subfield>
    <subfield code="x">Contratos en general. Obligaciones </subfield>
  </datafield>
  <datafield tag="245" ind1="1" ind2="0">
    <subfield code="a">Contratos con cl&#xE1;usulas predispuestas</subfield>
    <subfield code="p">condiciones negociales generales</subfield>
  </datafield>
  <datafield tag="020" ind1=" " ind2=" ">
    <subfield code="a">950-508-225-8</subfield>
  </datafield>
  <datafield tag="264" ind1=" " ind2="1">
    <subfield code="a">Buenos Aires :</subfield>
    <subfield code="b">Astrea</subfield>
    <subfield code="c">1987</subfield>
  </datafield>
  <datafield tag="300" ind1=" " ind2=" ">
    <subfield code="a">xxxviii, 692 p.</subfield>
    <subfield code="c">23 cm.</subfield>
  </datafield>
  <datafield tag="505" ind1=" " ind2=" ">
    <subfield code="a">1. Tr&#xE1;fico de masa - 2. Intereses difusos, derecho de la consumici&#xF3;n, acceso a la justicia y condiciones negociables generales - 3. Rasgos caracter&#xED;sticos de las condiciones negociables generales. Publicidad. Monopolios. "Kartelle" - 4. Concepto de condiciones negociables generales - 5. Definici&#xF3;n y elementos de las condiciones negociables generales - 6. Negociaci&#xF3;n individual. Sujetos. Colisi&#xF3;n de condiciones generales de empresas. Forma. Incorporaci&#xF3;n contractual - 7. Historia. Empresa. Econom&#xED;a. T&#xE9;cnica. Poder. Poder bancario. Prehorizontalidad - 8. El acto preformulado. Contrato de adhesi&#xF3;n. Formulario para contrato. Actos notariales. Cl&#xE1;usula de estilo. Contrato preliminar. Contrato normativo. Directivo. Contrato Leonino. Otos supuestos - 9. Esencia jur&#xED;dica - 10. Autonom&#xED;a privada - 11. El consentimiento en la contrataci&#xF3;n moderna - 12. Cl&#xE1;usulas abusivas y sorpresivas. Limitaci&#xF3;n o exclusi&#xF3;n de responsabilidad - 13. Cl&#xE1;usulas de riesgo - 14. Interpretaci&#xF3;n</subfield>
  </datafield>
  <datafield tag="041" ind1=" " ind2=" ">
    <subfield code="a">spa</subfield>
  </datafield>
  <datafield tag="942" ind1=" " ind2=" ">
    <subfield code="c">BK</subfield>
  </datafield>
  <datafield tag="590" ind1=" " ind2=" ">
    <subfield code="a">niveau_biblio:m niveau_hierar:0</subfield>
  </datafield>
  <datafield tag="100" ind1="1" ind2=" ">
    <subfield code="a">Rezz&#xF3;nico, Juan Carlos</subfield>
  </datafield>
  <datafield tag="999" ind1=" " ind2=" ">
    <subfield code="c">3505</subfield>
    <subfield code="d">3505</subfield>
  </datafield>
  <datafield tag="952" ind1=" " ind2=" ">
    <subfield code="0">0</subfield>
    <subfield code="1">0</subfield>
    <subfield code="4">0</subfield>
    <subfield code="7">0</subfield>
    <subfield code="a">BCEJYS</subfield>
    <subfield code="b">BCEJYS</subfield>
    <subfield code="c">16</subfield>
    <subfield code="d">2026-04-07</subfield>
    <subfield code="l">0</subfield>
    <subfield code="o">347.44 R467</subfield>
    <subfield code="p">L119106</subfield>
    <subfield code="r">2026-04-07 15:57:08</subfield>
    <subfield code="w">2026-04-07</subfield>
    <subfield code="y">L</subfield>
  </datafield>
</record>
